Quo vadis Evropská unie
Salvato in:
| Autore principale: | |
|---|---|
| Natura: | Libro |
| Lingua: | ceco |
| Pubblicazione: |
[Praha]
ETC Publ.
1998
|
| Serie: | Manager - podnikatel
|
| Soggetti: | |
| Tags: |
Nessun Tag, puoi essere il primo ad aggiungerne!!
|
MARC
| LEADER | 00000nam a2200000 4500 | ||
|---|---|---|---|
| 001 | c100921 | ||
| 005 | 20221109094242.6 | ||
| 020 | |a 80-86006-57-3 | ||
| 041 | 0 | |a cze | |
| 044 | |a CZ | ||
| 245 | 1 | 0 | |a Quo vadis Evropská unie |c Jaroslav Jakš |
| 264 | 1 | |a [Praha] |b ETC Publ. |c 1998 | |
| 300 | |a 236 s. | ||
| 490 | 1 | |a Manager - podnikatel | |
| 830 | 0 | |a Manager - podnikatel | |
| 610 | 2 | 0 | |a Európska únia |
| 610 | 2 | 0 | |a únie menové |
| 610 | 2 | 0 | |a politika hospodárska medzinárodná |
| 610 | 2 | 0 | |a integrácia ekonomická medzinárodná |
| 610 | 2 | 0 | |a trh vnútorný |
| 100 | 1 | |a Jakš, Jaroslav | |